[Event "RUS-Cup9"]
[Site "Novgorod"]
[Date "1997.06.11"]
[Round "1"]
[White "Isupov, Vladimir"]
[Black "Dvoirys, Semen I"]
[Result "0-1"]
[WhiteElo "2375"]
[BlackElo "2590"]
[Annotator "Atlas,V"]
[PlyCount "118"]
[EventDate "1997.06.11"]
[EventType "swiss"]
[EventRounds "9"]
[EventCountry "RUS"]
[SourceTitle "CBM 060"]
[Source "ChessBase"]
[SourceDate "1997.09.29"]
[SourceVersion "1"]
[SourceVersionDate "1997.09.29"]
[SourceQuality "1"]

1. e4 c5 2. Nf3 d6 3. d4 cxd4 4. Nxd4 Nf6 5. Nc3 a6 6. Be3 e5 7. Nf3 Be7 8. Bc4
O-O 9. O-O Be6 10. Bb3 Nc6 11. Qe2 (11. Bg5 Na5 12. Bxf6 Bxf6 13. Nd5 Nxb3 14.
axb3 Bg5 15. Qd3 Bh6 16. Rad1 Rc8 17. Nd2 b5 18. c3 Kh8 19. b4 Ra8 20. Nb3 f5
21. Na5 Rc8 {~~ Ivanchuk,V-Kasparov,G/New York (rapid) 1995}) 11... b5 (11...
Na5 12. Rfd1 Nxb3 13. cxb3 (13. axb3 Qc7 14. Bg5 Rfc8 15. Bxf6 Bxf6 16. Ne1 Be7
17. Nd5 Qd8 18. c3 Bxd5 19. Rxd5 Qb6 20. b4 Qc6 21. Nc2 Qc4 22. Qxc4 Rxc4 23.
f3 Rc6 24. b5 Rb6 25. Nb4 a5 26. Ra4 g6 {1-0 Isupov,V-Titlianov,Y/Kemerovo 1991
}) 13... Qb8 14. Bg5 b5 15. Ne1 h6 16. Bxf6 Bxf6 17. Nc2 Bd8 18. Nb4 Bb6 19.
Ncd5 Bc5 20. Nc6 Qb7 21. b4 Bxd5 22. exd5 Bb6 23. a4 Rfe8 24. Kf1 bxa4 25. Rxa4
Qc8 26. Rda1 Qf5 27. g3 e4 28. Rxa6 Rxa6 29. Rxa6 Bxf2 30. Qxf2 Qxd5 31. Qe2 e3
32. Kg1 Qd2 33. Kf1 Qd5 34. Kg1 Qd2 {1/2-1/2 Mainka,R-Skembris,S/Dortmund op-A
1992}) 12. Rfd1 Qc8 13. Bg5 Na5 14. Bxf6 Bxf6 15. Nd5 (15. Bd5 Rb8) 15... Bd8
16. c3 (16. Rd3 {could be met by} Nxb3 17. axb3 f5) (16. Rac1 {was worth
considering here.}) 16... Nxb3 17. axb3 Qb7 18. Rd3 f5 19. Nd2 fxe4 20. Qxe4
Rb8 {Threatening 20...Bf5, which was impossible one move before because of 21.
Nf6+.} 21. Ne3 Qb6 ({Certainly, not} 21... Qxe4 $2 22. Nxe4 {, and Black loses
the d6 pawn. Now the threat is 22...Rf4.}) 22. g3 Bg5 {Not missing the moment
for activating the bishop.} 23. h4 Bh6 24. b4 Rf7 {[%csl Re3,Rf2][%cal Gb6f2,
Gb8f8,Gf8f2,Gh6e3,Ge6b3,Ge6h3] Despite the imperfect pawn structure, Black has
good play. His pieces are efficiently interacting, the activity of the bishops
and rooks creates serious problems for White.} 25. Kg2 Rbf8 26. f3 Bc8 {
Bishop transfer to the main diagonal increases pressure on White's position.}
27. Rf1 $6 ({Allows exchange of the Nd2. Better was immediate} 27. Nd5) 27...
Bb7 28. Nd5 Bxd2 $1 29. Rxd2 Qc6 30. b3 Qd7 31. Rd3 Qe6 32. c4 Bc8 $1 {/\Qh3-+.
Returning the bishop to b1-h7 diagonal, Black creates manifold threats.} 33.
Rh1 Qh6 {Now the threat is 33...Bf5.} 34. Qe2 Bf5 35. Rc3 Be6 36. Rd1 Qg6 {
Threatening 36...f4.} 37. Re3 Qf5 38. Qd3 $4 {Hitherto the moves of both sides
were fully comprehensible, but the next phase of the game till move 43 (if one
believes the notation) is fully deprived of meaning.} Qf6 $4 (38... Qh3+ $19)
39. Qc3 $4 (39. Nxf6+ $18) 39... Qg6 40. Rh1 e4 $1 41. Kh2 (41. Rxe4 $2 Qxe4 $1
42. Ne7+ Kh8 43. fxe4 Rf2+ 44. Kg1 Rf1+ 45. Kg2 R8f2#) 41... exf3 42. Nf4 $4
Qg4 $4 (42... Rxf4 43. Rxe6 Qxe6 44. gxf4 Qe2+ $19) 43. Rf1 $4 (43. Nxe6 $18)
43... Bc8 44. Rexf3 Bb7 45. R3f2 h6 {Threatening g5.} 46. Qd3 bxc4 47. bxc4 Rf6
(47... g5 {falls short after of} 48. Qg6+ Rg7 49. Qe6+) 48. Kg1 Rf5 49. Kh2 g5
50. Nh3 Bc8 $1 51. Rxf5 Bxf5 52. Qd5+ Kg7 53. Nf2 Qe2 54. Qd4+ Kg8 55. Kg1 gxh4
56. gxh4 Rf7 {/\Rg7-+} (56... Kh7 57. Qa7+) 57. Ra1 Kh7 58. Rxa6 (58. Qf4 Bg6
59. Qg3 Rg7 $19) 58... Rg7+ 59. Kh2 Qf3 0-1

[Event "DEN-ch"]
[Site "Taastrup"]
[Date "1998.04.06"]
[Round "3"]
[White "Hansen, Curt"]
[Black "Larsen, Bent"]
[Result "1-0"]
[WhiteElo "2595"]
[BlackElo "2515"]
[Annotator "Atlas,V"]
[PlyCount "43"]
[EventDate "1998.04.04"]
[EventType "tourn"]
[EventRounds "9"]
[EventCountry "DEN"]
[EventCategory "9"]
[SourceTitle "CBM 065"]
[Source "ChessBase"]
[SourceDate "1998.08.06"]
[SourceVersion "1"]
[SourceVersionDate "1998.08.06"]
[SourceQuality "1"]

1. e4 c5 2. Nf3 d6 3. d4 cxd4 4. Nxd4 Nf6 5. Nc3 Nbd7 6. Be3 a6 7. g4 Nc5 8. f3
h6 ({Ten years ago Larsen opted for} 8... e5 {(another popular option is 8...
g6)} 9. Nb3 Be6 10. g5 Nh5 11. Qd2 Be7 12. O-O-O O-O 13. Kb1 b5 14. Rg1 Qc7 15.
Nd5 Bxd5 16. exd5 Nxb3 17. cxb3 Qd7 18. Bd3 Rfc8 19. Rc1 Rxc1+ 20. Rxc1 Rc8 21.
Rxc8+ Qxc8 22. a4 g6 23. Ka2 Qh3 24. Be4 f5 25. gxf6 Nxf6 26. Bb6 Nxe4 27. fxe4
Qf1 28. Qb4 Qd3 29. Bc7 Qd4 30. Qxd4 exd4 31. e5 dxe5 32. d6 Bg5 33. d7 {
Chandler,M-Larsen,B/Hastings A1 1988/CBM 11/1/2-1/2 (43)}) 9. Qd2 e5 (9... e6 {
was a plausible alterntaive.}) 10. Nb3 Be6 11. O-O-O Qc7 12. Kb1 Be7 13. h4
O-O-O $6 {A dubious decision. After the standard maneuver Nc3-d5, the
queenside position of the black king is far from being secure.} (13... b5 {
was more consistent.}) 14. Nd5 Bxd5 15. exd5 Kb8 16. Be2 Nfd7 17. c4 Nf8 (17...
Nxb3 18. axb3 a5 {does not solve the queenside problem in view of} 19. b4) (
17... e4 18. f4 g5 {does not yield sufficient compensation after} 19. Nxc5 Nxc5
20. hxg5 hxg5 21. fxg5) ({Perhaps, Black could give a try to} 17... b6 {
, although after} 18. f4 {White is clearly better.}) 18. Na5 $1 {A thematic
maneuver, signifying launch of the attacking actions on the queenside.} Ng6 19.
b4 Na4 20. Rc1 $1 {Intending to play 21.Bd1, forcing the a4-knight to retreat
to b6, after which White can continue 22.Bb3 threatening 23.c5.} Nxh4 $4 ({
A blunder. Black had to play} 20... Nf4 21. Bd1 Nb6 $16 {. After the text move
White immediately obtains a winning position.}) 21. Bd1 Nb6 (21... Qd7 {
loses after} 22. Qf2 Ng6 23. Qc2 $18 ({or} 23. Nc6+ bxc6 24. Bxa4 $18)) 22. Qf2
{[%csl Rb6,Rh4][%cal Gf2b6,Gf2h4,Gh1h4]} (22. Qf2 {The double attack. After}
Nc8 23. Rxh4 Bxh4 24. Qxh4 {Black is lost.}) 1-0

[Event "RUS-Cup02"]
[Site "Moscow"]
[Date "1998.01.22"]
[Round "2"]
[White "Bologan, Viktor"]
[Black "Odeev, Handszar"]
[Result "1-0"]
[WhiteElo "2580"]
[BlackElo "2430"]
[Annotator "Atlas,V"]
[PlyCount "89"]
[EventDate "1998.01.21"]
[EventType "swiss"]
[EventRounds "9"]
[EventCountry "RUS"]
[SourceTitle "CBM 063"]
[Source "ChessBase"]
[SourceDate "1998.03.26"]
[SourceVersion "1"]
[SourceVersionDate "1998.03.26"]
[SourceQuality "1"]

1. e4 c5 2. Nf3 d6 3. d4 cxd4 4. Nxd4 Nf6 5. Nc3 a6 6. Be3 Nbd7 7. f3 Qb6 $6 ({
A rare move. The main alternatives are:} 7... e6 8. g4 (8. Qd2 Qc7 9. g4 Ne5
10. g5 Nfd7 11. f4 Nc4 12. Bxc4 Qxc4 13. O-O-O b5 14. Kb1 Bb7 15. b3 Qc7 16. f5
Nc5 17. fxe6 fxe6 18. b4 Nxe4 19. Nxe4 Bxe4 20. Nxe6 Qc4 21. Nxf8 Rxf8 22. Rhe1
Kf7 23. Bd4 Bf5 24. Bb2 Rac8 25. Qxd6 Kg8 26. Re7 Kh8 27. Bxg7+ Kg8 28. Bb2 {
1-0 Marcussi,B-Szmetan,J/Buenos Aires PRENAJ 1994}) 8... h6 9. Qd2 Qc7 10.
O-O-O Ne5 11. h4 Bd7 12. Rg1 g6 13. g5 hxg5 14. hxg5 Nh5 15. f4 Nc4 16. Bxc4
Qxc4 17. f5 Rc8 18. Kb1 gxf5 19. exf5 e5 20. Rde1 Ng7 21. f6 Nf5 22. Nxf5 Bxf5
23. Bd4 Be6 24. Bf2 Rh2 {1/2-1/2 Vatter,H-Ostl,A/Eppingen BM 1988}) (7... d5 8.
Nxd5 Nxd5 9. exd5 Qa5+ 10. Qd2 Qxd5 11. c4 Qh5 12. g4 Qh4+ 13. Bf2 Qf6 14.
O-O-O e5 15. Nf5 h5 16. Bh4 Qg6 17. Bh3 hxg4 18. Bxg4 Qb6 19. Rhe1 f6 20. Nxg7+
Bxg7 21. Bxd7+ Kf8 22. Bf2 {1-0 Tolnai,T-Nagel,H/Vienna op 1991 (39)}) (7... b5
8. Qd2 Bb7 9. O-O-O Rc8 10. Bd3 Ne5 11. g4 Nxd3+ 12. Qxd3 e6 13. h4 Qa5 14. Nb3
Qc7 15. Rd2 d5 16. g5 dxe4 17. fxe4 Nd7 18. Bd4 Bc6 19. h5 b4 20. Nd1 Bb5 21.
Qf3 Ne5 22. Bxe5 Qxe5 23. g6 Qf6 24. gxf7+ Qxf7 25. Qg4 Bc4 26. Kb1 Bxb3 27.
cxb3 Rd8 28. Rxd8+ Kxd8 29. Ne3 {1-0 Gulbas,C-Maeckelbergh,M/Huy op 1993 (35)})
8. Qc1 $1 ({The best response. It seems unclear whether White gains a
sufficient compensation for a pawn after} 8. Qd2 Qxb2 9. Rb1 Qa3 {Now the
threat is 10.Ne6.}) 8... Nc5 9. Be2 e6 10. a3 {Threatening 11.b4.} e5 11. Nb3
Nxb3 $2 ({After this move White gets a durable advantage in the endgame.
Better was} 11... Be6 12. Nd2 Qc7 $14) 12. Bxb6 Nxc1 13. Rxc1 Be6 14. O-O Rc8
15. Rfd1 {White exercies an unpleasant pressure on the weak d6-pawn and
intends to organize pawn advancement on the queenside after the thematic Nc3-d5
} Be7 16. Be3 h6 ({After} 16... O-O 17. Bg5 {is unpleasant for Black.}) 17. g3
O-O 18. Nd5 Bxd5 19. exd5 Nd7 20. c4 Bg5 ({If} 20... f5 {, then} 21. b4 {
, with the idea 22.c5 dc5 23.d6+/-.}) 21. f4 {Certainly, the bishop exchange
is clearly in Black's favor. A good prophylactic move 17.g3 allows White to
avoid the bishop exchange and retain a large advantage.} exf4 22. gxf4 Rce8 23.
Kf2 ({After} 23. Rc3 $2 {both} Bxf4 ({and} 23... Bf6 24. Rb3 Nc5) 24. Bxf4 Rxe2
25. Bxd6 Rfe8 {yield Black excellent play.}) 23... Bh4+ 24. Kf3 {[%csl Rc5]
[%cal Yc4c5,Gc1c5,Ge3c5,Gf4e5,Gb2b4] A good temporary position for the white
king.} f5 25. Bd3 g5 26. b4 gxf4 27. Bxf4 Ne5+ 28. Kg2 Bg5 {Black finaly
attains his primary stategic goal to force the bishop exchange, but White is
ready for the decisive breakthrough on the queenside.} 29. Bxg5 hxg5 30. c5 f4
31. c6 $1 ({Much weaker was} 31. cxd6 Rf6) 31... f3+ 32. Kg3 Rf4 33. Bf1 $1 b5
34. Bh3 $1 {[%csl Rc8,Re6,Rg4][%cal Gh3e6,Ge6c8,Gc6c8,Gc1c6] After the white
bishop reached the crucial c8-h3 diagonal, Black has no chance to prevent the
c6-pawn further advance as well as to create any real threat to the white king.
} Rff8 35. Be6+ Kg7 36. c7 Nc4 37. Rd3 Rc8 {A gesture of desperation in the
entirely lost position.} 38. Bxc8 Rxc8 39. Rxf3 Rxc7 40. Re1 Kg6 41. Rf8 Nxa3
42. Re6+ Kg7 43. Rf5 Nc4 44. Rxg5+ Kf7 45. Kg4 1-0

[Event "RUS-Cup01 Chigorin Memorial"]
[Site "St Petersburg"]
[Date "1997.11.08"]
[Round "8"]
[White "Smikovski, Ivan"]
[Black "Yudasin, Leonid"]
[Result "0-1"]
[WhiteElo "2490"]
[BlackElo "2610"]
[Annotator "Atlas,V"]
[PlyCount "44"]
[EventDate "1997.11.01"]
[EventType "swiss"]
[EventRounds "9"]
[EventCountry "RUS"]
[SourceTitle "CBM 062"]
[Source "ChessBase"]
[SourceDate "1998.01.31"]
[SourceVersion "1"]
[SourceVersionDate "1998.01.31"]
[SourceQuality "1"]

1. e4 c5 2. Nf3 d6 3. d4 cxd4 4. Nxd4 Nf6 5. Nc3 a6 6. Be3 Ng4 7. Bg5 h6 8. Bh4
g5 9. Bg3 Bg7 10. Be2 h5 11. h4 gxh4 12. Rxh4 Nc6 13. Nb3 Be6 14. Qd2 Rc8 (
14... Qb6 15. Nd5 Bxd5 16. exd5 Nce5 17. O-O-O (17. c3 Ng6 18. Rh3 h4 19. Bxg4
hxg3 20. Rxh8+ Bxh8 21. Qe3 gxf2+ 22. Kxf2 Qxe3+ 23. Kxe3 Ne5 24. Be2 Kd7 25.
Nd2 Rg8 $15 {Topalov,V-Kasparov,G/Geneva Credit Suisse 1996/EXP 54/0-1 (64)})
17... Bh6 (17... Ng6 18. Rh3 (18. Rhh1 Bh6 19. f4 Qe3 20. Rh3 Nxf4 21. Bxf4
Qxf4 22. Rxh5 Qxd2+ 23. Nxd2 Bxd2+ 24. Rxd2 Rxh5 $17 {0-1 Vehi Bach,V-Sotnikov,
I/Biel op MTO 1996/EXT 97 (37)}) 18... Bh6 19. f4 Qe3 20. Bxg4 Qxd2+ 21. Nxd2
hxg4 22. Rh5 Kd7 23. Rf5 f6 24. Nc4 Rag8 25. Ne3 Bf8 {1/2-1/2 Becerra Rivero,
J-Morovic Fernandez,I/Capablanca Elite 1997/CBM 59}) 18. f4 Qe3 19. Qxe3 Nxe3
20. fxe5 Nf5+ 21. Kb1 Nxg3 22. exd6 Bg5 23. Rb4 Nxe2 24. dxe7 b5 25. d6 Rh6 26.
Nc5 Ng3 27. Nxa6 Kd7 28. Nc7 Rxd6 29. Rxd6+ {Movsesian,S-Ftacnik,L/CZE-chT
9596 1996/EXT 97/1-0 (49)}) (14... Bf6 15. Rh1 h4 16. Bf4 Bxc3 17. Qxc3 f6 18.
f3 Nge5 19. O-O-O Qc8 20. Kb1 Ng6 21. Be3 b5 22. f4 Bd7 23. Bf3 a5 24. Nd4 b4
25. Qd3 Nxd4 26. Qxd4 Rb8 27. Rc1 Qc7 28. Qd1 e5 29. Bh5 {1-0 De la Villa
Garcia,J-Pujos,S/Benasque op 1996/EXP 53}) 15. Qg5 $2 {A tactical blunder. The
unfortunate queen thrust encounters an elegant refutation.} Bf6 ({Certainly,
not} 15... Bh6 16. Rxh5) 16. Rxh5 Kd7 $1 (16... Bxg5 17. Rxh8+ Kd7 18. Rxd8+ {
is clearly bad for Black After the king move White faces a difficult choice.})
17. Nc5+ ({It turns out that} 17. Rxh8 {fails to} Qxh8 18. Qd2 Nb4 $1 {/\Rc3} (
{it is stronger than} 18... Qh1+ 19. Bf1) 19. e5 (19. Bxg4 Qh1+ 20. Ke2 Bxg4+
$19) 19... Nxe5 $19) (17. Qxg4 Bxc3+ 18. bxc3 Bxg4 19. Bxg4+ Kc7 {is also
entirely hopeless for White. The text move was the continuation White clearly
counted upon playing 15.Qg5?}) 17... dxc5 18. Qd2+ (18. O-O-O+ {is refuted by}
Nd4 $19 {, and} 19. Rxh8 {is impossible because of} Bxg5+) 18... Nd4 19. Bxg4
Bxg4 $1 ({White's idea would be justified after} 19... Rxh5 20. Bxh5 Qh8 21.
Be2 (21. Qd1) 21... Qh1+ 22. Bf1 Bc4 23. O-O-O Bxf1 24. Nd5 $1 {/\Ne3, /\c3->.
However, the text move discloses the essential shortcomings of White's
combination.}) 20. Rd5+ Ke8 21. Qf4 ({Now it is obvious that after} 21. Rxd8+
Rxd8 {[%csl Ra1,Rd2,Re1][%cal Gh8h1,Gh1a1,Gd4f3,Gd8d2,Gg4d1] White is
defenceless against the killing threat Rh1+:} 22. f3 Nxf3+ 23. gxf3 Rh1+ 24.
Ke2 Rxd2+ 25. Kxd2 Rxa1 $19 {The text move, however, cannot helpWhite either.})
21... Bd7 22. O-O-O e6 (22... e6 {Depriving White of the last illusions. Now}
23. Rd6 {is impossible in view of} Bg5 {, so White loses the rook in the very
best case. Since resistance in such a situation is meaningless, White resigned.
}) 0-1

[Event "RUS-Cup01 Chigorin Memorial"]
[Site "St Petersburg"]
[Date "1997.11.08"]
[Round "8"]
[White "Socko, Bartosz"]
[Black "Vaulin, Alexander"]
[Result "1-0"]
[WhiteElo "2435"]
[BlackElo "2530"]
[Annotator "Atlas,V"]
[PlyCount "77"]
[EventDate "1997.11.01"]
[EventType "swiss"]
[EventRounds "9"]
[EventCountry "RUS"]
[SourceTitle "CBM 062"]
[Source "ChessBase"]
[SourceDate "1998.01.31"]
[SourceVersion "1"]
[SourceVersionDate "1998.01.31"]
[SourceQuality "1"]

1. e4 c5 2. Nf3 d6 3. d4 cxd4 4. Nxd4 Nf6 5. Nc3 a6 6. Be3 Ng4 7. Bg5 h6 8. Bh4
g5 9. Bg3 Bg7 10. Be2 h5 11. Bxg4 Bxg4 12. f3 Bd7 13. Bf2 Nc6 14. O-O (14. Qd2
Ne5 15. O-O e6 16. b3 Ng6 17. Rad1 g4 18. f4 h4 19. Nde2 h3 20. g3 Rc8 21. e5
d5 22. Nd4 O-O 23. Qd3 f5 24. Nce2 Rf7 25. Rc1 Bf8 26. c3 {0-1 Anand,
V-Kasparov,G/Geneva Credit Suisse 1996/EXP 54/[King] (54)}) 14... e6 15. Nce2
Ne5 16. c3 $5 {This move seems a good alternative to the popular continuations:
} (16. b3 g4 17. f4 h4 18. Be3 h3 19. g3 Nc6 20. Qd3 O-O 21. Rad1 f5 22. c4 Qa5
23. Nc3 Rae8 24. Rfe1 e5 $17 {0-1 Shirov,A-Kasparov,G/Linares14th 1997/CBM 57/
[Knaak] (38)}) (16. Qd2 b5 17. b3 Ng6 18. Rad1 Rc8 19. c3 Be5 20. Nc2 Nf4 21.
Nxf4 gxf4 22. Bd4 {1/2-1/2 Polgar,J-Sutovskij,E/VAM 1997 (35)}) 16... Rc8 17.
b3 b5 {Preventing 18.c4.} (17... Ng6 18. c4 $14 (18. Qd2 Be5 19. Be3 $14)) 18.
Qd2 Qf6 $6 (18... Rg8 {was more prudent, although after} 19. Be3 {White has
better perspectives.}) 19. Be3 {[%csl Rd6,Rg5][%cal Gd2d6,Gd2g5]} Rg8 (19...
Bh6 {is strongly met by the tematic} 20. Nc2 {, aiming at the weak d6-pawn.})
20. Bxg5 $5 ({The principal and strongest continuation.} 20. Rad1 {and 20.
Kh1!? /\Ne2-g1, Nd4-e2 were the plausible alternatives, which, however, would
leave Black prospects to obtain counterplay.}) 20... Qg6 {Threatening by ...
Bh6.} 21. Be3 Bh6 (21... Bf8 {fails to} 22. Nf4 {. Black tries to weaken
White's kingside.}) (21... h4 {was worth considering.}) 22. g3 Bf8 ({The
bishop exchange} 22... Bxe3+ 23. Qxe3 $16 {would simplify White's task.}) 23.
Nf4 Qh7 24. Nd3 {Natural and strong continuation. Reducing material, White
increases his advantage.} Nxd3 (24... h4 25. g4 Nxg4 (25... f5 26. exf5 exf5
27. g5) 26. fxg4 Rxg4+ {was an interesting attempt here, but the compensation
for the sacrficed piece seems in sufficient both after 27.Kf2 and} 27. Kh1
Qxe4+ 28. Rf3 Bc6 29. Qe2 {/\Nf2}) 25. Qxd3 h4 26. g4 d5 {This desperate
attempt to obtain counterplay is easily refuted by White.} 27. h3 dxe4 28. fxe4
Rd8 29. Qc2 Bc8 {[%csl Rf7][%cal Gd4c6,Gc6e5,Gf1f7] The bishop retreat with
idea to set the big diagonal by ...Bb7 allows an efficient knight maneuver,
forcing Black to weaken further the position of his king.} 30. Nc6 $1 Rd6 31.
Ne5 f5 32. exf5 exf5 33. Rae1 {[%csl Re8][%cal Ge1e8,Gf1f8,Ge3c5,Gc5e7,Gc2h7]
Involving the a1 rook into attack. Black is entirely defenceless.} Be7 34. Bc5
Re6 35. Bxe7 Rxe7 36. Nc6 Re4 37. Qd3 {Threatening 38.Qd8+} Bd7 38. Qd6 Rg6 39.
Rxe4+ 1-0

[Event "Pamplona 9899 9th"]
[Site "Pamplona"]
[Date "1999.01.03"]
[Round "7"]
[White "Xie, Jun"]
[Black "Van Wely, Loek"]
[Result "0-1"]
[WhiteElo "2510"]
[BlackElo "2635"]
[Annotator "Atlas,V"]
[PlyCount "60"]
[EventDate "1998.12.27"]
[EventType "tourn"]
[EventRounds "9"]
[EventCountry "ESP"]
[EventCategory "13"]
[SourceTitle "CBM 069"]
[Source "ChessBase"]
[SourceDate "1999.04.01"]
[SourceVersion "1"]
[SourceVersionDate "1999.04.01"]
[SourceQuality "1"]

1. e4 c5 2. Nf3 d6 3. d4 cxd4 4. Nxd4 Nf6 5. Nc3 a6 6. Be3 e5 7. Nf3 Be7 8. Bc4
O-O 9. O-O Be6 10. Qd3 b5 $1 {[%mdl 4] This pawn advance seems to be an
effective solution to Black's opening problems.} ({Important alternatives are:
} 10... Nc6 11. a3 Na5 12. Bxe6 fxe6 13. Na4 Nd7 (13... Re8 14. Rad1 b5 15. Bb6
Qc8 16. Bxa5 bxa4 17. Rde1 Qc6 18. Nd2 Rac8 19. Bc3 Nd7 20. f4 exf4 21. Rxf4
Bf6 22. Bxf6 Nxf6 23. c3 Qb6+ 24. Qd4 Qxb2 {0-1 Rowson,J-Sadler,M/Torquay 1998/
CBM 66 ext (34)}) 14. b4 Nc6 15. c4 Qe8 16. Nd2 Kh8 17. Nb3 Qg6 18. Nb6 Nxb6
19. Bxb6 Rac8 {1/2-1/2 Shirov,A-Gavrikov,V/Horgen 1994/CBM 43 (31)}) (10... h6
11. Nd5 Nbd7 12. c3 Rc8 13. Rad1 Nxd5 14. Bxd5 Qc7 15. Nd2 Nf6 16. Bxe6 fxe6
17. c4 Qc6 18. f3 d5 19. cxd5 exd5 20. exd5 Qxd5 21. Nb3 Qxd3 22. Rxd3 Rc2 23.
Rd2 Rfc8 {1/2-1/2 Smikovski,I-Rechel,B/Berlin 1998/CBM 66 ext (23)}) (10...
Bxc4 11. Qxc4 b5 12. Qd3 Nbd7 13. Rfd1 (13. Bg5 Qc7 14. a3 Rac8 15. Rfd1 Qb7
16. Rac1 Rc4 17. Bxf6 Nxf6 18. Nd2 Rd4 19. Qf3 d5 20. exd5 Rf4 21. Qe2 Nxd5 22.
Nxd5 Qxd5 23. c4 bxc4 24. Nxc4 Qb5 25. g3 Rf5 {1-0 Zezulkin,J-Stodola,J/
Litomysl 1994/EXT 97 (51)}) 13... Rc8 14. a3 Nc5 15. Bxc5 Rxc5 16. Nd2 Qa8 17.
Nf1 Rc4 18. Ne3 Rd4 19. Qe2 Nxe4 20. Nf5 Bf6 {1-0 Turzo,A-Das,D/Balatonbereny
1996/CBM 53 ext (31)}) 11. Bxe6 $6 {A dubious decision.} ({After} 11. Bd5 Nxd5
12. Nxd5 Nd7 {Black has a good play.}) (11. Bb3 {was a better alternative.} Nc6
({Certainly, not} 11... Nbd7 $2 12. Bxe6 fxe6 13. Ng5) 12. Rad1 $11) {After
the text move Black has a good play and, propably, already a superior position.
} 11... fxe6 12. Ng5 $6 ({After} 12. a4 b4 13. Na2 {both} Nc6 {and 13...d5
yields Black a good play. The knight thrust is proves a dubious undertaking.
Instead, 12.Rad1 was to be preferred.}) 12... Qc8 13. f4 h6 14. Nh3 Nbd7 15. f5
$6 ({Next imprecision.} 15. Kh1 {was to be preferred instead.}) 15... Nc5 $1 {
Forcing the exchange of the bishop for the knight and seizing a dangerous
initiative on the queenside.} 16. Bxc5 Qxc5+ 17. Kh1 b4 18. Ne2 exf5 19. Rxf5 (
{After} 19. exf5 d5 {White has nothing to oppose the march of black central
pawns.}) 19... Rac8 {[%csl Rc2,Re4][%cal Gc8c1,Gc5c4,Gc4d3,Gc4e4]} 20. Rc1 (20.
c3 {fails to} Qc4) 20... Qc4 $1 {An impressive treatment of the position! Van
Wely forces the queen exchange, capitalizing on the terrible discoordination
of the white pieces and numorous threats along the c-file.} 21. Nf2 (21. Qxc4+
Rxc4 22. Nf2 Nxe4 {is hopeless for White.}) 21... Qxd3 {[%mdl 4096]} 22. cxd3
Rxc1+ 23. Nxc1 Rc8 {Initiating the final wave of attack on the queenside.} 24.
Nb3 ({If} 24. Ne2 {then} Rc2 {, winning.}) 24... a5 $1 {[%csl Ra2,Rb2,Rb3,Rh1]
[%cal Ga5a4,Gc8c1,Gc1h1,Gc8c2,Gc2a2] Now it is evident that White is lost.} 25.
Nd1 a4 26. Nd2 Rc2 27. Nf1 Ng4 {Threatening ...Rc1-+.} 28. Nfe3 Nxe3 29. Nxe3
Re2 30. Rf3 Bg5 0-1